[Event "3rd EUR-ch (w)"]
[Site "Varna BUL"]
[Date "2002.06.01"]
[Round "6.25"]
[White "Kaps, Darja"]
[Black "Foisor, Cristina"]
[Result "0-1"]
[WhiteElo "2251"]
[BlackElo "2437"]
[EventDate "2002.05.27"]
[PlyCount "70"]

1.e4 c5 2.Nf3 a6 3.c3 e6 4.Be2 d5 5.exd5 exd5 6.d4 c4 7.Bf4 Ne7 8.O-O Ng6 
9.Bg3 Be7 10.Nbd2 O-O 11.Ne5 Nc6 12.Qc2 Bd6 13.f4 Nge7 14.f5 f6 15.Nxc6 
bxc6 16.Bxd6 Qxd6 17.g4 Ra7 18.b4 g6 19.Rf2 gxf5 20.gxf5 Kh8 21.Nf1 Rg8+ 
22.Kh1 Rg5 23.Ne3 Ng8 24.Raf1 Nh6 25.Rg2 Rag7 26.Bd1 Qe7 27.h4 Rg3 28.Rxg3
Rxg3 29.Ng2 Qc7 30.Kg1 Rg8 31.Qd2 Nxf5 32.Rf4 Ng3 33.Bf3 Bh3 34.Rxf6 Bxg2 
35.Bxg2 Ne4 0-1

[Event "3rd EUR-ch (w)"]
[Site "Varna BUL"]
[Date "2002.06.01"]
[Round "6.26"]
[White "Muzychuk, Anna"]
[Black "Bojkovic, Natasa"]
[Result "0-1"]
[WhiteElo "2256"]
[BlackElo "2431"]
[EventDate "2002.05.27"]
[PlyCount "62"]

1.e4 c5 2.b3 d6 3.Bb2 Nf6 4.Bb5+ Bd7 5.Bxd7+ Nbxd7 6.d3 e6 7.f4 d5 8.Qe2 
Qc7 9.Nh3 dxe4 10.dxe4 c4 11.O-O Rc8 12.Nc3 cxb3 13.cxb3 Bb4 14.Rac1 O-O 
15.Rf3 Qb6+ 16.Kh1 Qa6 17.Qxa6 bxa6 18.Nf2 Nb6 19.g4 Rfd8 20.Rc2 h6 21.h4 
h5 22.g5 Nfd7 23.Nd3 a5 24.a3 Bf8 25.Rc1 Nc5 26.Nxc5 Rxc5 27.Kg2 f6 28.
gxf6 gxf6 29.Na4 Nxa4 30.bxa4 Rd2+ 31.Rf2 Rxb2 0-1

[Event "3rd EUR-ch (w)"]
[Site "Varna BUL"]
[Date "2002.06.01"]
[Round "6.27"]
[White "Zayats, Elena"]
[Black "Georgieva, Liubka"]
[Result "1-0"]
[WhiteElo "2346"]
[BlackElo "2241"]
[EventDate "2002.05.27"]
[PlyCount "93"]

1.d4 Nf6 2.c4 e6 3.Nc3 Bb4 4.e3 O-O 5.Bd3 d5 6.a3 Bxc3+ 7.bxc3 dxc4 8.Bxc4
c5 9.Nf3 Qc7 10.Be2 Nc6 11.O-O e5 12.Bb2 h6 13.dxe5 Nxe5 14.c4 Nfg4 15.
Nxe5 Nxe5 16.f4 Nc6 17.Bf3 Be6 18.Bd5 Rfe8 19.Qf3 Na5 20.Qg3 f5 21.Be5 Qf7
22.Rac1 Rac8 23.e4 Re7 24.exf5 Bxd5 25.cxd5 Qxf5 26.Qc3 b6 27.Rf3 Rce8 28.
Re1 Nb7 29.Rd1 Rd7 30.Rg3 Ree7 31.d6 Rf7 32.Qc4 Kh7 33.h3 Nd8 34.Kh2 Ne6 
35.Rf3 Nd8 36.g4 Qe6 37.Qe4+ Kg8 38.f5 Qe8 39.Re3 Nb7 40.Qf4 Qf8 41.Kg3 g5
42.Qc4 Nxd6 43.Qe6 Nxf5+ 44.gxf5 Rxd1 45.Qg6+ Rg7 46.Bxg7 Rg1+ 47.Kf2 1-0

[Event "3rd EUR-ch (w)"]
[Site "Varna BUL"]
[Date "2002.06.01"]
[Round "6.28"]
[White "Ciuksyte, Dagne"]
[Black "Kouvatsou, Maria"]
[Result "1-0"]
[WhiteElo "2340"]
[BlackElo "2232"]
[EventDate "2002.05.27"]
[PlyCount "77"]

1.e4 e5 2.Nf3 Nf6 3.d4 Nxe4 4.Bd3 d5 5.Nxe5 Nd7 6.Nxd7 Bxd7 7.O-O Bd6 8.c4
c6 9.Nc3 Nxc3 10.bxc3 O-O 11.Rb1 dxc4 12.Bxc4 b5 13.Bd3 Qh4 14.g3 Qh3 15.
Be4 Bg4 16.Qc2 Rae8 17.Be3 a6 18.Bg2 Qh5 19.Bxc6 Re6 20.Bg2 f5 21.Bd5 f4 
22.Qe4 Rf6 23.Bd2 f3 24.h4 Bf5 25.Bxe6+ Bxe6 26.Bg5 Rg6 27.Qa8+ Kf7 28.
Rfe1 h6 29.Qb7+ Kg8 30.Rxe6 Rxe6 31.Qd5 Qg4 32.Re1 Kf7 33.Bd8 g6 34.Re3 g5
35.hxg5 hxg5 36.Bxg5 Qh3 37.Qxf3+ Kg6 38.d5 Rxe3 39.Qf6+ 1-0

[Event "3rd EUR-ch (w)"]
[Site "Varna BUL"]
[Date "2002.06.01"]
[Round "6.29"]
[White "Kadziolka, Beata"]
[Black "Bosboom-Lanchava, Tea"]
[Result "1-0"]
[WhiteElo "2235"]
[BlackElo "2330"]
[EventDate "2002.05.27"]
[PlyCount "95"]

1.d4 Nf6 2.c4 g6 3.Nc3 Bg7 4.e4 d6 5.Nf3 O-O 6.Be2 Na6 7.O-O c5 8.d5 Nc7 
9.h3 a6 10.a4 Rb8 11.a5 b5 12.axb6 Rxb6 13.Qc2 e6 14.Be3 Nd7 15.Rab1 exd5 
16.cxd5 f5 17.exf5 Rxf5 18.Nd2 Rb8 19.Bg4 Rf8 20.Nc4 Ne5 21.Nxe5 Bxe5 22.
Bxc8 Qxc8 23.f4 Bg7 24.Rbd1 Kh8 25.Kh1 Qb7 26.Bc1 Rf5 27.Qd3 Bd4 28.Ne2 
Rxd5 29.Nxd4 Rxd4 30.Qg3 Qb3 31.Qg4 Ne6 32.Rde1 Ng7 33.Qd7 Qb5 34.Qf7 Nf5 
35.Rf2 Qc4 36.Qf6+ Kg8 37.Kh2 Rf8 38.Qg5 Re4 39.Rff1 Qe6 40.Bd2 d5 41.Rxe4
Qxe4 42.Re1 Qd3 43.Ba5 Qb5 44.Bc7 Qxb2 45.Re6 Qb7 46.Be5 Qd7 47.Rxa6 Qd8 
48.Rxg6+ 1-0

[Event "3rd EUR-ch (w)"]
[Site "Varna BUL"]
[Date "2002.06.01"]
[Round "6.30"]
[White "Hernandez Estevez, Yudania"]
[Black "Velcheva, Maria"]
[Result "1-0"]
[WhiteElo "2247"]
[BlackElo "2327"]
[EventDate "2002.05.27"]
[PlyCount "77"]

1.e4 c5 2.Nf3 e6 3.d4 cxd4 4.Nxd4 a6 5.Nc3 b5 6.Bd3 Qb6 7.Nb3 Qc7 8.O-O 
Bb7 9.f4 d6 10.f5 Nf6 11.fxe6 fxe6 12.Bg5 Be7 13.e5 dxe5 14.Bxf6 Bxf6 15.
Qh5+ Qf7 16.Qh3 Nd7 17.a4 b4 18.Ne4 Bxe4 19.Bxe4 Rb8 20.Rad1 g6 21.Rd6 O-O
22.Rxe6 Qg7 23.Rxa6 Bg5 24.Ra7 Rxf1+ 25.Kxf1 Qf6+ 26.Qf3 Qd6 27.Qd3 Qf6+ 
28.Bf3 Nf8 29.Qc4+ Kh8 30.Qf7 e4 31.Qxf6+ Bxf6 32.Bxe4 Bxb2 33.a5 Ne6 34.
a6 Nd4 35.Nxd4 Bxd4 36.Rb7 Re8 37.Bf3 Bc3 38.a7 Rg8 39.Rd7 1-0

[Event "3rd EUR-ch (w)"]
[Site "Varna BUL"]
[Date "2002.06.01"]
[Round "6.31"]
[White "Galoian, Lilit"]
[Black "Velikhanli, Firuza"]
[Result "1-0"]
[WhiteElo "2163"]
[BlackElo "2320"]
[EventDate "2002.05.27"]
[PlyCount "85"]

1.d4 Nf6 2.c4 g6 3.Nc3 Bg7 4.e4 d6 5.f3 O-O 6.Be3 Nc6 7.Nge2 a6 8.Qd2 Rb8 
9.Nc1 e5 10.d5 Nd4 11.N1e2 c5 12.dxc6 bxc6 13.Nxd4 exd4 14.Bxd4 d5 15.cxd5
cxd5 16.e5 Nd7 17.f4 f6 18.e6 Qe7 19.Be2 Qxe6 20.O-O Qd6 21.Bf3 Bb7 22.
Rad1 Nc5 23.Bf2 f5 24.Bxd5+ Bxd5 25.Qxd5+ Qxd5 26.Nxd5 Ne4 27.b3 Nxf2 28.
Rxf2 a5 29.Rc2 Rfe8 30.Kf1 a4 31.b4 a3 32.Rd3 Bb2 33.Rb3 Kh8 34.b5 Red8 
35.Ne3 Rd4 36.g3 Re4 37.b6 Bd4 38.Nd5 Rbe8 39.b7 Re1+ 40.Kg2 R1e2+ 41.Rxe2
Rxe2+ 42.Kf1 Rf2+ 43.Ke1 1-0

[Event "3rd EUR-ch (w)"]
[Site "Varna BUL"]
[Date "2002.06.01"]
[Round "6.32"]
[White "Agrest, Svetlana"]
[Black "Voiska, Margarita"]
[Result "1/2-1/2"]
[WhiteElo "2225"]
[BlackElo "2300"]
[EventDate "2002.05.27"]
[PlyCount "63"]

1.e4 d6 2.d4 g6 3.Nc3 Bg7 4.Be3 a6 5.Qd2 b5 6.Bd3 Bb7 7.Nf3 Nd7 8.O-O c5 
9.dxc5 Nxc5 10.Rad1 Nxd3 11.Qxd3 Qc7 12.Nd5 Bxd5 13.Qxd5 Rc8 14.e5 dxe5 
15.Ng5 e6 16.Nxe6 fxe6 17.Qxe6+ Ne7 18.f4 Rf8 19.Bb6 Rf6 20.Qxf6 Bxf6 21.
Bxc7 Rxc7 22.Rd6 Bg7 23.fxe5 Bxe5 24.Rxa6 Rxc2 25.Ra8+ Kd7 26.Rd1+ Ke6 27.
b3 b4 28.a4 bxa3 29.Rxa3 Nf5 30.Re1 Kf6 31.Ra6+ Nd6 32.Rd1 1/2-1/2

[Event "3rd EUR-ch (w)"]
[Site "Varna BUL"]
[Date "2002.06.01"]
[Round "6.33"]
[White "Calotescu, Ana-Cristina"]
[Black "Ionica, Iulia-Ionela"]
[Result "0-1"]
[WhiteElo "2299"]
[BlackElo "2228"]
[EventDate "2002.05.27"]
[PlyCount "70"]

1.d4 d6 2.Nf3 Bg4 3.e4 Nf6 4.Bd3 Nbd7 5.O-O e5 6.c3 Be7 7.b3 O-O 8.Nbd2 c6
9.Bb2 Re8 10.Re1 Qc7 11.h3 Bh5 12.Nf1 Bg6 13.Ng3 Nh5 14.Nf5 Bf8 15.g3 Rad8
16.N3h4 d5 17.exd5 cxd5 18.Nxg6 hxg6 19.Ne3 exd4 20.Nxd5 Qd6 21.c4 Nxg3 
22.Bxd4 Nh5 23.Bf1 Ndf6 24.Nxf6+ gxf6 25.Rxe8 Rxe8 26.Bxa7 Qc7 27.Qd4 Re5 
28.f4 Rf5 29.Bb6 Qb8 30.Re1 Nxf4 31.Re3 Ne6 32.Qd1 Qf4 33.Re2 Ng5 34.Rf2 
Qg3+ 35.Rg2 Nf3+ 0-1

[Event "3rd EUR-ch (w)"]
[Site "Varna BUL"]
[Date "2002.06.01"]
[Round "6.34"]
[White "Movsisian, Naira"]
[Black "Krupkova, Petra"]
[Result "1-0"]
[WhiteElo "2078"]
[BlackElo "2293"]
[EventDate "2002.05.27"]
[PlyCount "107"]

1.Nf3 Nf6 2.g3 g6 3.Bg2 Bg7 4.O-O O-O 5.d3 d5 6.Nbd2 c5 7.e4 d4 8.a4 Nc6 
9.Nc4 b6 10.Nfd2 Bb7 11.f4 a6 12.e5 Nd7 13.e6 fxe6 14.Qe2 Kh8 15.Qxe6 Rf6 
16.Qe2 b5 17.Na3 Qb6 18.Ne4 Rff8 19.Ng5 e5 20.f5 Ne7 21.fxg6 Nxg6 22.Nf7+ 
Kg8 23.Nh6+ Kh8 24.Bg5 Bxg2 25.Qxg2 Bf6 26.Nf7+ Kg7 27.Qd5 Bxg5 28.Nxg5 
Nf6 29.Qe6 Qb7 30.axb5 axb5 31.Nxb5 Rxa1 32.Rxa1 Qxb5 33.Ra7+ Kh6 34.Nf7+ 
Rxf7 35.Rxf7 Nh5 36.Qd7 Qxd7 37.Rxd7 Nf6 38.Rc7 e4 39.Rxc5 e3 40.Kf1 Ne7 
41.b4 Nfd5 42.b5 Kg6 43.Rc4 Nf5 44.b6 Nxb6 45.Rc6+ Kg5 46.Rxb6 h5 47.Rb5 
h4 48.gxh4+ Kf4 49.h5 Nh4 50.Ke2 Kg4 51.h6 Ng6 52.h7 Nf4+ 53.Ke1 Kf3 54.
Rf5 1-0

[Event "3rd EUR-ch (w)"]
[Site "Varna BUL"]
[Date "2002.06.01"]
[Round "6.35"]
[White "Calzetta Ruiz, Monica"]
[Black "Johansson, Victoria"]
[Result "1-0"]
[WhiteElo "2278"]
[BlackElo "2189"]
[EventDate "2002.05.27"]
[PlyCount "97"]

1.e4 c6 2.d4 d5 3.exd5 cxd5 4.c4 Nf6 5.Nc3 e6 6.Nf3 Bb4 7.cxd5 Nxd5 8.Qc2 
Nc6 9.Be2 O-O 10.O-O Nf6 11.Rd1 Be7 12.a3 a6 13.Bg5 Nd5 14.Bxe7 Ncxe7 15.
Ne5 b6 16.Qe4 Bb7 17.Bd3 g6 18.Ne2 Nf5 19.Qg4 Nf6 20.Qh3 Ne4 21.Nf3 Nfd6 
22.Rac1 Qe7 23.Qh6 Rac8 24.h4 f6 25.Nc3 Nf5 26.Qf4 g5 27.hxg5 fxg5 28.Qe5 
Ned6 29.d5 exd5 30.Qxe7 Nxe7 31.Nxg5 h6 32.Ne6 Rf6 33.Nd4 Rcf8 34.f3 b5 
35.Re1 Kf7 36.a4 b4 37.Na2 a5 38.Rc7 Re8 39.Nb5 Bc8 40.Nd4 Kf8 41.Nc1 Ng8 
42.Rxe8+ Kxe8 43.Ncb3 Kd8 44.Rg7 Ne7 45.Nxa5 Ne8 46.Rh7 Ba6 47.Bxa6 Rxa6 
48.Nab3 Kd7 49.Nc5+ 1-0

[Event "3rd EUR-ch (w)"]
[Site "Varna BUL"]
[Date "2002.06.01"]
[Round "6.36"]
[White "Pahtz, Elisabeth"]
[Black "Andersson, Christin"]
[Result "1-0"]
[WhiteElo "2385"]
[BlackElo "2119"]
[EventDate "2002.05.27"]
[PlyCount "90"]

1.e4 e5 2.Nf3 Nc6 3.Bb5 f5 4.d3 fxe4 5.dxe4 Nf6 6.Qe2 a6 7.Bc4 d6 8.Bg5 
Bg4 9.c3 Qd7 10.Nbd2 Be7 11.Be3 Be6 12.Ng5 Bxc4 13.Qxc4 d5 14.exd5 Nxd5 
15.Nde4 O-O-O 16.O-O-O Na5 17.Qe2 Qa4 18.Kb1 Nxe3 19.fxe3 h6 20.Qg4+ Kb8 
21.Ne6 Rxd1+ 22.Rxd1 Nc4 23.b3 Na3+ 24.Kb2 Qc6 25.Qf5 Nb5 26.Rd2 Ba3+ 27.
Kc2 Bd6 28.c4 Be7 29.Qxe5 Re8 30.Qd5 Qxd5 31.cxd5 Nd6 32.N4c5 g6 33.Kc3 
Kc8 34.e4 Nf7 35.Rf2 Ne5 36.Kd4 Ng4 37.Rf4 Nxh2 38.e5 h5 39.Ne4 Ng4 40.Nf6
Nxf6 41.exf6 c5+ 42.Ke5 Bf8 43.f7 Bg7+ 44.Kd6 Bf8+ 45.Nxf8 Rxf8 1-0

[Event "3rd EUR-ch (w)"]
[Site "Varna BUL"]
[Date "2002.06.01"]
[Round "6.37"]
[White "Bogza, Adina"]
[Black "Savova, Stefka"]
[Result "1-0"]
[WhiteElo "2251"]
[BlackElo "2165"]
[EventDate "2002.05.27"]
[PlyCount "79"]

1.Nf3 Nf6 2.g3 g6 3.b3 Bg7 4.Bb2 d5 5.Bg2 O-O 6.O-O c6 7.c4 Bf5 8.d3 h6 9.
Nbd2 Bg4 10.Qc2 a5 11.a3 Na6 12.h3 Bxf3 13.Nxf3 e6 14.Bc3 Nd7 15.Bxg7 Kxg7
16.d4 Nf6 17.Rfd1 Rc8 18.c5 b5 19.Ne5 Nd7 20.Nd3 Nf6 21.f3 Qc7 22.Ne5 Nb8 
23.b4 a4 24.e4 Nbd7 25.Qc3 Rcd8 26.Kh2 Nh5 27.f4 f5 28.exd5 exd5 29.Qf3 
Nhf6 30.g4 Ne4 31.Rg1 Kh7 32.gxf5 Rxf5 33.Qg4 Nxe5 34.dxe5 Rxe5 35.Bxe4 
Rg5 36.Bxg6+ Kxg6 37.Qe6+ Kg7 38.Rg4 Rf8 39.Rag1 Rxg4 40.Rxg4+ 1-0

[Event "3rd EUR-ch (w)"]
[Site "Varna BUL"]
[Date "2002.06.01"]
[Round "6.38"]
[White "Lauterbach, Ingrid"]
[Black "Shaidullina, Sandugach"]
[Result "1/2-1/2"]
[WhiteElo "2127"]
[BlackElo "2245"]
[EventDate "2002.05.27"]
[PlyCount "98"]

1.e4 c5 2.d3 e6 3.g3 d5 4.Nd2 Nc6 5.Bg2 Nf6 6.Ngf3 dxe4 7.dxe4 Be7 8.O-O 
O-O 9.Re1 b6 10.c3 Bb7 11.Qc2 Qd7 12.a4 Rfd8 13.Bf1 Na5 14.Ne5 Qc7 15.Ndc4
Nxc4 16.Nxc4 Ng4 17.Qe2 Nf6 18.Bf4 Qc8 19.Bg2 Ba6 20.b3 Ne8 21.h4 Rd7 22.
Rad1 Rxd1 23.Rxd1 b5 24.axb5 Bxb5 25.e5 Rb8 26.Qe4 Qa6 27.Nd6 Be2 28.Re1 
Bd3 29.Qc6 Qxc6 30.Bxc6 Nc7 31.Ba4 Nd5 32.Bd2 Kf8 33.c4 Nb6 34.Bb5 Bc2 35.
b4 cxb4 36.Bxb4 a6 37.Bxa6 Nxc4 38.Bc5 Na5 39.Rc1 Rb1 40.Rxb1 Bxb1 41.Nb7 
Bxc5 42.Nxc5 Nc6 43.f4 Ke7 44.Kf2 f6 45.exf6+ gxf6 46.Ke3 e5 47.fxe5 Nxe5 
48.Bd3 Bxd3 49.Nxd3 Nc4+ 1/2-1/2

[Event "3rd EUR-ch (w)"]
[Site "Varna BUL"]
[Date "2002.06.01"]
[Round "6.39"]
[White "Besheva, Svetla"]
[Black "Hlgatian, Goar"]
[Result "0-1"]
[WhiteElo "2125"]
[BlackElo "2239"]
[EventDate "2002.05.27"]
[PlyCount "72"]

1.e4 e6 2.d4 d5 3.Nd2 c5 4.exd5 Qxd5 5.Ngf3 cxd4 6.Bc4 Qd8 7.O-O a6 8.Nb3 
Qc7 9.Qe2 Bd6 10.Nbxd4 Ne7 11.c3 O-O 12.Bd3 Nd7 13.Bg5 Ng6 14.h4 Nf4 15.
Bxf4 Bxf4 16.g3 Bh6 17.Rad1 g6 18.h5 e5 19.Nb3 Re8 20.Nh2 Nf6 21.hxg6 hxg6
22.Rfe1 e4 23.Bb1 Be6 24.Rd4 b5 25.Qd1 Bf5 26.Rd6 Nh5 27.Nf1 Rad8 28.Rxd8 
Rxd8 29.Qe2 Re8 30.Ne3 Bh3 31.Kh2 Bc8 32.Rd1 Qe7 33.Kg2 Qg5 34.Rd5 Nf4+ 
35.Kf1 Nxd5 36.Nxd5 Qxd5 0-1

[Event "3rd EUR-ch (w)"]
[Site "Varna BUL"]
[Date "2002.06.01"]
[Round "6.40"]
[White "Topel, Zehra"]
[Black "Gasparian, Narine"]
[Result "0-1"]
[WhiteElo "2023"]
[BlackElo "2204"]
[EventDate "2002.05.27"]
[PlyCount "75"]

1.d4 Nf6 2.Nf3 d6 3.c4 Nbd7 4.Nc3 e5 5.e4 Be7 6.Be2 c6 7.O-O O-O 8.Qc2 Qc7
9.Be3 Re8 10.d5 Bf8 11.a3 g6 12.b4 cxd5 13.exd5 a6 14.Nd2 b5 15.Qb3 bxc4 
16.Nxc4 Bb7 17.Na5 Rec8 18.Rac1 Qb8 19.Rc2 Rc7 20.Rfc1 Qe8 21.Nxb7 Rxb7 
22.Na4 e4 23.Rc7 Rxc7 24.Rxc7 Qe5 25.g3 Qf5 26.Nc3 Ne5 27.Kg2 h5 28.h4 Nd3
29.Qc4 Ne1+ 30.Kf1 Nc2 31.Kg2 Re8 32.Bd1 Ne1+ 33.Kf1 Nf3 34.Bxf3 exf3 35.
Ke1 Re5 36.Qc6 Bh6 37.Qxa6 Bxe3 38.fxe3 0-1

[Event "3rd EUR-ch (w)"]
[Site "Varna BUL"]
[Date "2002.06.01"]
[Round "6.41"]
[White "Makka, Ioulia"]
[Black "Milliet, Sophie"]
[Result "1-0"]
[WhiteElo "2188"]
[BlackElo "2163"]
[EventDate "2002.05.27"]
[PlyCount "108"]

1.c4 e6 2.Nf3 d5 3.e3 Nf6 4.b3 Be7 5.Be2 O-O 6.O-O b6 7.Bb2 Bb7 8.d3 Nbd7 
9.Nbd2 Bd6 10.cxd5 exd5 11.Nd4 c5 12.Nf5 Bc7 13.Rc1 Re8 14.d4 Rc8 15.Nf3 
g6 16.Ng3 Bd6 17.Bb5 Rf8 18.Qe2 Qe7 19.Rfd1 Rfd8 20.Ba1 Bc6 21.Bxc6 Rxc6 
22.dxc5 bxc5 23.b4 c4 24.Nd4 Rcc8 25.b5 Ne5 26.Rc2 Re8 27.a4 h5 28.a5 h4 
29.Nf1 Ne4 30.a6 Bc5 31.Rb1 Bb6 32.Ra2 Nd3 33.f3 Nd6 34.Qd2 Bxd4 35.Bxd4 
Nf5 36.Qc3 Nxd4 37.Qxd4 Qc5 38.Qxc5 Nxc5 39.Rc2 Nb3 40.Rd1 Rc5 41.Kf2 Rxb5
42.e4 dxe4 43.fxe4 Rxe4 44.Ne3 Nd4 45.Rcd2 Nf5 46.Nd5 Kg7 47.Kf3 Re6 48.
Nc7 Rb3+ 49.Kf2 Re4 50.Rd7 Rf4+ 51.Ke1 Ne3 52.Ne6+ Kf6 53.Nxf4 Nxd1 54.
Kxd1 Rb2 1-0

[Event "3rd EUR-ch (w)"]
[Site "Varna BUL"]
[Date "2002.06.01"]
[Round "6.42"]
[White "Bednikova, Stefi"]
[Black "Mira, Helene"]
[Result "1/2-1/2"]
[WhiteElo "2184"]
[BlackElo "2127"]
[EventDate "2002.05.27"]
[PlyCount "153"]

1.e4 e5 2.Nf3 Nc6 3.Bb5 Nf6 4.O-O Nxe4 5.Re1 Nd6 6.Nxe5 Nxe5 7.Rxe5+ Be7 
8.Ba4 O-O 9.d4 Bf6 10.Re1 Nf5 11.c3 d5 12.Bf4 Nd6 13.Nd2 c6 14.Qf3 Be6 15.
Bc2 Qd7 16.h3 Rfe8 17.Be5 Bxe5 18.dxe5 Bf5 19.Bxf5 Nxf5 20.Rad1 Qe6 21.g4 
Nh4 22.Qg3 Qe7 23.Nb3 Ng6 24.f4 Qc7 25.Re2 f6 26.Rde1 fxe5 27.fxe5 Rf8 28.
Nd4 Rae8 29.Nf5 Qb8 30.Nd4 Re7 31.Kh2 Rfe8 32.Nf3 Nf8 33.Nd4 Nd7 34.Nf3 
Nc5 35.Nd2 a5 36.b4 axb4 37.cxb4 Ne6 38.Nb3 Rf7 39.Nc5 Nd4 40.Re3 b6 41.e6
Rf2+ 42.Kg1 Qxg3+ 43.Rxg3 Rxa2 44.Nd7 Ne2+ 45.Kf2 Rxe6 46.Re3 Nf4+ 47.Kg3 
Rxe3+ 48.Rxe3 g5 49.h4 d4 50.Re4 Ra3+ 51.Kf2 Nd3+ 52.Ke2 Nxb4 53.Rxd4 Nd5 
54.hxg5 Kg7 55.Kd2 Ra7 56.Ne5 Ne7 57.Rd6 Rc7 58.Nd7 b5 59.Nc5 Rc8 60.Kd3 
Kf7 61.Kd4 Re8 62.Ke5 Rg8 63.Rf6+ Ke8 64.Re6 Rxg5+ 65.Kf6 Rg6+ 66.Ke5 Rxg4
67.Ne4 Rg6 68.Nf6+ Kf7 69.Rd6 Rg5+ 70.Ke4 h5 71.Nd7 c5 72.Ne5+ Kg7 73.Rd7 
Kf6 74.Rd6+ Kg7 75.Rd7 Kf8 76.Rd8+ Kg7 77.Rd7 1/2-1/2

[Event "3rd EUR-ch (w)"]
[Site "Varna BUL"]
[Date "2002.06.01"]
[Round "6.43"]
[White "Jiretorn, Eva"]
[Black "Papadopoulou, Vera"]
[Result "0-1"]
[WhiteElo "2114"]
[BlackElo "2170"]
[EventDate "2002.05.27"]
[PlyCount "152"]

1.d4 Nf6 2.c4 c5 3.d5 b5 4.cxb5 a6 5.bxa6 Bxa6 6.Nc3 g6 7.f4 Bg7 8.Nf3 d6 
9.e4 Bxf1 10.Rxf1 O-O 11.Kf2 Qb6 12.Kg1 Nbd7 13.Qe2 Rfb8 14.Kh1 Ne8 15.e5 
Nc7 16.h3 Qa6 17.Re1 Nb6 18.Qe4 Qc4 19.exd6 exd6 20.Nd2 Qxe4 21.Ndxe4 
Ncxd5 22.Nxd5 Nxd5 23.Nxd6 Nb4 24.Re2 Nxa2 25.Rc2 Bd4 26.Kh2 Kf8 27.Nc4 
Nb4 28.Rxa8 Rxa8 29.Re2 Nd3 30.Be3 Bxe3 31.Rxe3 Nxf4 32.Kg3 Ne6 33.Rb3 Ra4
34.Ne5 Re4 35.Rb8+ Kg7 36.Nd7 h5 37.Rb5 h4+ 38.Kf2 Rc4 39.Ne5 Rc2+ 40.Kf1 
Kf6 41.Ng4+ Kg5 42.Ne3 Rc1+ 43.Kf2 f5 44.Rb6 Nf4 45.Rd6 Rb1 46.Nd1 c4 47.
Kf3 Nd3 48.Ke2 Nxb2 49.Nf2 Rg1 50.Kf3 Ra1 51.Ke2 Ra3 52.Rd5 Nd3 53.Nxd3 
Rxd3 54.Rc5 Rg3 55.Kf1 c3 56.Rc4 Rd3 57.Ke2 Rd2+ 58.Kf3 Rd3+ 59.Ke2 Rg3 
60.Kf2 Kf6 61.Rxh4 Rd3 62.Rc4 Ke5 63.Ke2 Rd2+ 64.Ke1 Rc2 65.g3 Kd5 66.Rc8 
Kd4 67.g4 f4 68.h4 Ke3 69.Kd1 Rd2+ 70.Kc1 Ke2 71.Re8+ Kf3 72.h5 g5 73.h6 
Rh2 74.Rc8 Kxg4 75.Rxc3 Rxh6 76.Kd1 Re6 0-1

[Event "3rd EUR-ch (w)"]
[Site "Varna BUL"]
[Date "2002.06.01"]
[Round "6.44"]
[White "Muller, Anne"]
[Black "Ozturk, Kubra"]
[Result "1-0"]
[WhiteElo "2167"]
[BlackElo "2017"]
[EventDate "2002.05.27"]
[PlyCount "39"]

1.e4 c6 2.c4 e6 3.d4 d5 4.Nc3 Bb4 5.Bd3 dxe4 6.Bxe4 Nf6 7.Bc2 O-O 8.Nf3 
Nbd7 9.O-O Nb6 10.Qd3 h6 11.Ne5 Nbd7 12.Qg3 Kh8 13.Re1 c5 14.Be3 Qa5 15.
Rac1 Bxc3 16.bxc3 a6 17.Qh4 Kg8 18.Bxh6 gxh6 19.Qxh6 cxd4 20.Qg5+ 1-0

[Event "3rd EUR-ch (w)"]
[Site "Varna BUL"]
[Date "2002.06.01"]
[Round "6.45"]
[White "Kharashkina, Bairta"]
[Black "Zlatanova, Emilia"]
[Result "1/2-1/2"]
[WhiteElo "2193"]
[BlackElo "2137"]
[EventDate "2002.05.27"]
[PlyCount "86"]

1.e4 e5 2.Nf3 Nc6 3.d4 exd4 4.Nxd4 Nf6 5.Nxc6 bxc6 6.e5 Qe7 7.Qe2 Nd5 8.c4
Nb6 9.b3 d5 10.exd6 cxd6 11.Bb2 f6 12.Nc3 Bg4 13.Qxe7+ Bxe7 14.Bd3 Rd8 15.
O-O Kf7 16.Ne2 d5 17.cxd5 Rxd5 18.Nf4 Rxd3 19.Nxd3 Be2 20.Nf4 Bxf1 21.Kxf1
c5 22.Rc1 Rc8 23.Ke2 c4 24.Bd4 cxb3 25.Rxc8 Nxc8 26.axb3 Bd6 27.Kf3 a6 28.
Nd3 Ke6 29.Ke4 Ne7 30.Bc5 Nc6 31.Bxd6 Kxd6 32.b4 a5 33.bxa5 Nxa5 34.Nb2 
Ke6 35.g4 g6 36.h4 Nb7 37.f3 g5 38.hxg5 fxg5 39.Nc4 Nc5+ 40.Kd4 Nb3+ 41.
Ke4 Nc5+ 42.Kd4 Nb3+ 43.Ke4 Nc5+ 1/2-1/2

[Event "3rd EUR-ch (w)"]
[Site "Varna BUL"]
[Date "2002.06.01"]
[Round "6.46"]
[White "Gunther, Anetta"]
[Black "Zawadzka, Jolanta"]
[Result "0-1"]
[WhiteElo "2116"]
[BlackElo "2181"]
[EventDate "2002.05.27"]
[PlyCount "118"]

1.e4 c5 2.Nf3 d6 3.d4 cxd4 4.Nxd4 Nf6 5.Nc3 a6 6.Bg5 e6 7.f4 Qc7 8.Qf3 b5 
9.Bd3 Be7 10.O-O-O b4 11.Nce2 Nbd7 12.Kb1 Bb7 13.g4 Nc5 14.Bxf6 Bxf6 15.g5
Be7 16.h4 Rc8 17.f5 e5 18.Nb3 f6 19.Qh5+ Kd8 20.Nxc5 Qxc5 21.Qf7 Rf8 22.
Qxg7 Bc6 23.Qxh7 Ba4 24.Rc1 Kd7 25.gxf6 Rxf6 26.Rhg1 Bb5 27.Rg7 Re8 28.
Bxb5+ axb5 29.Ng3 Qe3 30.Rg5 Kc6 31.Rg8 Rh6 32.Qf7 Rxg8 33.Qxg8 Bxh4 34.
Qc8+ Kb6 35.Qb8+ Ka6 36.Qc8+ Kb6 37.c4 bxc4 38.Rxc4 Qd3+ 39.Ka1 Qd1+ 40.
Rc1 Qa4 41.Qc7+ Kb5 42.Qb7+ Ka5 43.Qa7+ Kb5 44.Qb7+ Ka5 45.b3 Qb5 46.Qa7+ 
Qa6 47.Qxa6+ Kxa6 48.Nf1 Bg5 49.Rd1 Kb5 50.Kb2 Kc5 51.Kc2 Rh4 52.Rd5+ Kc6 
53.Kd3 Rh3+ 54.Kc4 Rf3 55.Rd1 Rf4 56.Kxb4 Rxe4+ 57.Ka5 d5 58.b4 Bd8+ 59.
Ka4 Rf4 0-1

[Event "3rd EUR-ch (w)"]
[Site "Varna BUL"]
[Date "2002.06.01"]
[Round "6.48"]
[White "Ismailova, Aytaj"]
[Black "Shtereva, Slaveja"]
[Result "0-1"]
[WhiteElo "2157"]
[BlackElo "2071"]
[EventDate "2002.05.27"]
[PlyCount "120"]

1.e4 c5 2.Nf3 e6 3.d4 cxd4 4.Nxd4 a6 5.Bd3 Nc6 6.Nxc6 dxc6 7.O-O e5 8.Nd2 
Qc7 9.a4 Nf6 10.Nc4 b5 11.axb5 cxb5 12.Ne3 Bb7 13.f3 Bc5 14.Kh1 O-O 15.Qe1
g6 16.Qh4 Nh5 17.Nf5 Rfe8 18.Bg5 f6 19.Bh6 Qf7 20.Be3 Bxe3 21.Nxe3 Nf4 22.
Ng4 Kg7 23.Qh6+ Kh8 24.Rfd1 Red8 25.Bf1 Ne6 26.c3 Rxd1 27.Rxd1 Rd8 28.
Rxd8+ Nxd8 29.Qd2 Qe7 30.Be2 Nf7 31.Ne3 Qd8 32.Qxd8+ Nxd8 33.c4 bxc4 34.
Bxc4 Kg7 35.Kg1 Kf8 36.Nd5 Bxd5 37.Bxd5 a5 38.Kf2 Ke7 39.Ke3 Kd6 40.Kd3 
Kc5 41.g3 Kb4 42.f4 Kc5 43.Kc3 exf4 44.gxf4 g5 45.fxg5 fxg5 46.Kd3 h5 47.
Ke3 Nc6 48.Bf7 h4 49.h3 Ne5 50.Be6 a4 51.Bg8 Nc4+ 52.Bxc4 Kxc4 53.Kf3 Kd4 
54.Kg4 Kxe4 55.Kxg5 Kd3 56.Kxh4 Kc2 57.Kg5 Kxb2 58.h4 a3 59.h5 a2 60.h6 
a1=Q 0-1

[Event "3rd EUR-ch (w)"]
[Site "Varna BUL"]
[Date "2002.06.01"]
[Round "6.50"]
[White "Cavusoglu, Yildiz"]
[Black "Smochina, Carolina"]
[Result "1/2-1/2"]
[WhiteElo "2036"]
[BlackElo "2143"]
[EventDate "2002.05.27"]
[PlyCount "185"]

1.d4 Nf6 2.Nf3 d6 3.Bf4 Nbd7 4.h3 c5 5.c3 cxd4 6.cxd4 Qb6 7.Qc2 e5 8.dxe5 
dxe5 9.Be3 Bb4+ 10.Nc3 Qa5 11.Bd2 O-O 12.e3 Re8 13.Be2 e4 14.Nd4 a6 15.a3 
Bxc3 16.Bxc3 Qg5 17.g3 Nd5 18.Bd2 N7f6 19.Qb3 Bd7 20.Bf1 b5 21.Bg2 h5 22.
h4 Qe5 23.Ne2 Be6 24.Qd1 Qxb2 25.O-O Rac8 26.Nd4 Bg4 27.Qe1 Rc4 28.Ba5 Ra4
29.Bb4 Nxb4 30.axb4 Rc8 31.Qb1 Qxb1 32.Rfxb1 Nd5 33.Rxa4 bxa4 34.Ra1 Nxb4 
35.Rxa4 Rc1+ 36.Kh2 Nd3 37.Rxa6 Nxf2 38.Ra2 Nd1 39.Bxe4 Nxe3 40.Ra8+ Rc8 
41.Rxc8+ Bxc8 42.Bf3 Ng4+ 43.Kg2 Bd7 44.Ne2 Kh7 45.Nf4 Kh6 46.Ne2 Ne5 47.
Bd5 f6 48.Nf4 Bg4 49.Ba8 Bf5 50.Bb7 Bg4 51.Ba8 g5 52.hxg5+ fxg5 53.Nh3 Bd7
54.Bb7 g4 55.Nf2 Bc6+ 56.Bxc6 Nxc6 57.Ne4 Kg6 58.Kf2 Ne7 59.Nc3 Kf5 60.Ne2
Nd5 61.Nd4+ Ke5 62.Nc2 Nc3 63.Ne1 Kd4 64.Nc2+ Kd3 65.Nb4+ Kd2 66.Nc6 Nd1+ 
67.Kg2 Ke1 68.Nd4 Ne3+ 69.Kg1 Nd5 70.Ne6 Nf6 71.Nf4 Kd2 72.Kf2 Kd1 73.Kf1 
Kc2 74.Kf2 Kd2 75.Ne6 Ne4+ 76.Kg2 Ke3 77.Ng7 Nf6 78.Nf5+ Ke4 79.Nd6+ Ke5 
80.Nc4+ Kf5 81.Nd2 Ne4 82.Nc4 Kg5 83.Ne3 Nd6 84.Kf2 Nf5 85.Nf1 Nxg3 86.
Kxg3 h4+ 87.Kg2 Kf4 88.Nd2 Kf5 89.Nf1 Kf4 90.Nd2 g3 91.Nf1 Kg4 92.Nxg3 
hxg3 93.Kg1 1/2-1/2

[Event "3rd EUR-ch (w)"]
[Site "Varna BUL"]
[Date "2002.06.01"]
[Round "6.52"]
[White "Ingolfsdottir, Harpa"]
[Black "Dimovski, Aleksandra"]
[Result "0-1"]
[WhiteElo "2002"]
[BlackElo "2114"]
[EventDate "2002.05.27"]
[PlyCount "76"]

1.e4 e5 2.Nf3 Nc6 3.d4 exd4 4.Nxd4 Qh4 5.Nb5 Bc5 6.Qe2 Nd4 7.Nxd4 Bxd4 8.
g3 Qe7 9.Bg2 d6 10.O-O Nf6 11.c3 Bb6 12.Be3 O-O 13.Nd2 Re8 14.a4 Ng4 15.
Nc4 Nxe3 16.Nxe3 c6 17.Rfe1 f5 18.Qc4+ Be6 19.Qd3 fxe4 20.Bxe4 g6 21.Ng2 
Qf6 22.Qc2 d5 23.Bd3 Rf8 24.Nf4 Bg4 25.a5 Bc5 26.h3 Bd7 27.Re2 Bd6 28.Ra4 
Rf7 29.Kg2 g5 30.Nxd5 cxd5 31.Rd4 Qf3+ 32.Kh2 Raf8 33.Qc1 Qh5 34.Rxd5 
Qxh3+ 35.Kg1 Bc6 36.Rxg5+ Kh8 37.f3 Rxf3 38.Rh2 Rxg3+ 0-1

[Event "3rd EUR-ch (w)"]
[Site "Varna BUL"]
[Date "2002.06.03"]
[Round "7.1"]
[White "Kosintseva, Tatiana"]
[Black "Stefanova, Antoaneta"]
[Result "0-1"]
[WhiteElo "2373"]
[BlackElo "2473"]
[EventDate "2002.05.27"]
[PlyCount "78"]

1.e4 e5 2.Nf3 Nc6 3.d4 exd4 4.Nxd4 Bb4+ 5.c3 Bc5 6.Be3 Bb6 7.Nxc6 bxc6 8.
Bd4 Qg5 9.Nd2 Bxd4 10.cxd4 Rb8 11.b3 Nf6 12.e5 Nd5 13.g3 O-O 14.Bg2 Ba6 
15.Bxd5 cxd5 16.Rc1 d6 17.f4 Qh6 18.Qf3 c5 19.a3 cxd4 20.Rc6 Rb6 21.Rxb6 
axb6 22.Qxd5 dxe5 23.Nc4 exf4 24.O-O fxg3 25.hxg3 Bxc4 26.bxc4 Qe3+ 27.Kg2
Qxa3 28.Qxd4 Qa8+ 29.Kg1 Qc6 30.Rb1 Rb8 31.Rb5 h6 32.Kf2 Rc8 33.Rxb6 Qxc4 
34.Qxc4 Rxc4 35.Kf3 h5 36.Rb5 g6 37.Rb6 Kg7 38.Ra6 f5 39.Ra7+ Kh6 0-1